[Event "Swiss Queens Wed #42"]
[Site "FIDE Online Arena INT"]
[Date "2024.11.13"]
[Round "1"]
[White "Shukhman, Anna"]
[Black "Hilario Huaranca, Aleyla Karen"]
[Result "1-0"]
[WhiteElo "2245"]
[BlackElo "2010"]
[PlyCount "53"]
[EventDate "2024.11.13"]
[EventType "swiss (blitz)"]
[EventRounds "11"]
[EventCountry "NET"]
[SourceTitle "CB47_2024"]
[SourceDate "2024.11.20"]
[SourceVersion "1"]
[SourceVersionDate "2024.11.20"]
[SourceQuality "1"]

1. e4 e6 2. d4 d5 3. Nc3 Nf6 4. e5 Nfd7 5. f4 Be7 6. Nf3 c5 7. Be3 Nc6 8. Qd2 a6 9. dxc5 Bxc5 10. Nd4 Qe7 11. 0-0-0 0-0 12. Kb1 Bxd4 13. Bxd4 b5 14. Bf2 b4 15. Na4 a5 16. h4 Ba6 17. Bxa6 Rxa6 18. h5 f6 19. exf6 Qxf6 20. g3 e5 21. Qxd5+ Qf7 22. Qxd7 exf4 23. gxf4 Qxf4 24. Rhg1 Rf7 25. Qc8+ Rf8 26. Qxa6 Qxf2 27. Qxc6 1-0

[Event "Swiss Queens Wed #40"]
[Site "FIDE Online Arena INT"]
[Date "2024.10.30"]
[Round "1"]
[White "Hilario Huaranca, Aleyla Karen"]
[Black "Shukhman, Anna"]
[Result "0-1"]
[WhiteElo "2001"]
[BlackElo "2163"]
[PlyCount "72"]
[EventDate "2024.10.30"]
[EventType "swiss (blitz)"]
[EventRounds "11"]
[EventCountry "NET"]
[SourceTitle "CB45_2024"]
[Source "ChessBase"]
[SourceDate "2024.11.06"]
[SourceVersion "1"]
[SourceVersionDate "2024.11.06"]
[SourceQuality "1"]

1. d4 Nf6 2. c4 e6 3. g3 d5 4. Bg2 Bb4+ 5. Bd2 Bd6 6. Nf3 0-0 7. 0-0 c6 8. Qc2 Nbd7 9. b3 e5 10. dxe5 Nxe5 11. Bc3 Re8 12. Nbd2 Nxf3+ 13. Bxf3 Bh3 14. Rfd1 Qe7 15. Bb2 Rad8 16. cxd5 cxd5 17. Nf1 Ne4 18. Ne3 Bc5 19. Nxd5 Bxf2+ 20. Kh1 Nxg3+ 21. hxg3 Qg5 22. Qc3 Qh6 23. Ne7+ Kh8 24. Qxg7+ Qxg7 25. Bxg7+ Kxg7 26. Rxd8 Rxd8 27. Kh2 Be6 28. Bxb7 Rd7 29. Bc6 Rxe7 30. Rf1 Bd4 31. Rf4 Be5 32. Ra4 Rc7 33. Bf3 f5 34. Kg2 Kf6 35. Rxa7 Rxa7 36. a4 Bxb3 0-1

[Event "Swiss Queens Wed #40"]
[Site "FIDE Online Arena INT"]
[Date "2024.10.30"]
[Round "4"]
[White "Maltsevskaya, Aleksandra"]
[Black "Hilario Huaranca, Aleyla Karen"]
[Result "1-0"]
[WhiteElo "2368"]
[BlackElo "2001"]
[PlyCount "151"]
[EventDate "2024.10.30"]
[EventType "swiss (blitz)"]
[EventRounds "11"]
[EventCountry "NET"]
[SourceTitle "CB45_2024"]
[Source "ChessBase"]
[SourceDate "2024.11.06"]
[SourceVersion "1"]
[SourceVersionDate "2024.11.06"]
[SourceQuality "1"]

1. Nf3 Nf6 2. g3 c5 3. Bg2 g6 4. 0-0 Bg7 5. d3 d6 6. e4 0-0 7. Nbd2 a6 8. a4 Nc6 9. Nc4 Nd7 10. c3 Rb8 11. a5 Qc7 12. h4 f5 13. exf5 gxf5 14. Ng5 Nf6 15. Nb6 h6 16. Qb3+ Kh8 17. Ne6 Bxe6 18. Qxe6 Nxa5 19. Nd5 Nxd5 20. Bxh6 Nf6 21. Bxg7+ Kxg7 22. Qxf5 Nc6 23. Rae1 e5 24. f4 Nh7 25. Qh5 Qf7 26. Qg4+ Qg6 27. Qh3 exf4 28. g4 Ne5 29. d4 cxd4 30. cxd4 Nxg4 31. Re7+ Kh8 32. Be4 Rf5 33. Bxf5 Qxf5 34. Qf3 Rg8 35. Kh1 Nhf6 36. Qxf4 Qc2 37. Re6 Qd3 38. Qf3 Qxf3+ 39. Rxf3 Kg7 40. Rxd6 Re8 41. Rb6 Re7 42. Rfb3 Kg6 43. Rxb7 Re1+ 44. Kg2 Re2+ 45. Kf1 Rh2 46. R7b6 Rxh4 47. d5 Nh2+ 48. Ke1 Rd4 49. Rg3+ Nhg4 50. Rxa6 Kf5 51. Rf3+ Ke5 52. Re6+ Kxd5 53. Rexf6 Nxf6 54. Rxf6 Kc4 55. Rf3 Rd5 56. Rc3+ Kb4 57. Ke2 Rd7 58. Re3 Rd8 59. Rc3 Rd7 60. Rc8 Rd6 61. Ke3 Kb3 62. Rb8+ Kc4 63. b3+ Kc5 64. b4+ Kc6 65. Ke4 Rd1 66. Ra8 Kb5 67. Rb8+ Kc6 68. b5+ Kc7 69. Ra8 Rb1 70. Ra5 Kb6 71. Ra8 Kc7 72. Kd4 Kb7 73. Ra6 Rxb5 74. Rf6 Rb4+ 75. Kc5 Rb1 76. Rf7+ 1-0

[Event "Swiss Queens Wed #38"]
[Site "FIDE Online Arena INT"]
[Date "2024.10.16"]
[Round "7"]
[White "Hilario Huaranca, Aleyla Karen"]
[Black "Buksa, Nataliya"]
[Result "0-1"]
[WhiteElo "2001"]
[BlackElo "2400"]
[PlyCount "50"]
[EventDate "2024.10.16"]
[EventType "swiss (blitz)"]
[EventRounds "11"]
[EventCountry "NET"]
[SourceTitle "CB43_2024"]
[Source "Chessbase"]
[SourceDate "2024.10.23"]
[SourceVersion "1"]
[SourceVersionDate "2024.10.23"]
[SourceQuality "1"]

1. d4 d5 2. c4 e6 3. Nf3 Nf6 4. g3 Be7 5. Bg2 0-0 6. 0-0 dxc4 7. Ne5 c5 8. dxc5 Qc7 9. Nxc4 Rd8 10. Qc2 Nc6 11. Nc3 Bxc5 12. Be3 Nd4 13. Bxd4 Bxd4 14. Nb5 Qe7 15. Nxd4 Rxd4 16. e3 Rd8 17. Rfd1 Nd5 18. Rd4 Bd7 19. Rad1 Nb4 20. Qb3 Nc6 21. Nd6 Nxd4 22. Rxd4 Bc6 23. Nxb7 Bxb7 24. Bxb7 Rab8 25. Rxd8+ Qxd8 0-1

[Event "Olympiad Women-45"]
[Site "Budapest"]
[Date "2024.09.20"]
[Round "9.4"]
[White "Hilario Huaranca, Aleyla Karen"]
[Black "Abeysinghe, HMH Janandani"]
[Result "1-0"]
[WhiteElo "1993"]
[BlackElo "1752"]
[PlyCount "61"]
[EventDate "2024.09.11"]
[EventType "team-swiss"]
[EventRounds "11"]
[EventCountry "HUN"]
[SourceTitle "EXT 2025"]
[Source "ChessBase"]
[SourceDate "2024.10.14"]
[SourceVersion "1"]
[SourceVersionDate "2024.10.14"]
[SourceQuality "1"]
[WhiteTeam "Peru (W)"]
[BlackTeam "Sri Lanka (W)"]
[WhiteTeamCountry "PER"]
[BlackTeamCountry "SRI"]

1. Nf3 Nf6 2. d4 e6 3. g3 d5 4. Bg2 Nc6 5. 0-0 Be7 6. c4 0-0 7. b3 Ne4 8. Bb2 Nb8 9. Nc3 Nxc3 10. Bxc3 Nd7 11. Nd2 Nf6 12. e4 dxe4 13. Nxe4 Rb8 14. Qc2 b6 15. Rad1 Bb7 16. d5 exd5 17. Nxf6+ Bxf6 18. Bxd5 Qc8 19. Bxf6 gxf6 20. Bxb7 Rxb7 21. Rd4 Re8 22. Rh4 f5 23. Rh5 Qe6 24. Rg5+ Kf8 25. Qc3 f6 26. Rh5 Kg7 27. Qd2 Rh8 28. Re1 Qd6 29. Qh6+ Kf7 30. Rxf5 c5 31. Rg5 1-0

[Event "Swiss Queens Wed #32"]
[Site "FIDE Online Arena INT"]
[Date "2024.09.04"]
[Round "1"]
[White "Bodnaruk, Anastasia"]
[Black "Hilario Huaranca, Aleyla Karen"]
[Result "1-0"]
[WhiteElo "2333"]
[BlackElo "1993"]
[PlyCount "71"]
[EventDate "2024.09.04"]
[EventType "swiss (blitz)"]
[EventRounds "11"]
[EventCountry "NET"]
[SourceTitle "EXT 2025"]
[Source "ChessBase"]
[SourceDate "2024.10.14"]
[SourceVersion "1"]
[SourceVersionDate "2024.10.14"]
[SourceQuality "1"]

1. e4 e6 2. d4 d5 3. e5 c5 4. c3 Nc6 5. Nf3 Qb6 6. Bd3 Bd7 7. 0-0 cxd4 8. Re1 Nge7 9. h4 Nc8 10. a3 dxc3 11. Nxc3 Bc5 12. Na4 Bxf2+ 13. Kf1 Qa5 14. Kxf2 Nxe5 15. Nxe5 Bxa4 16. Qf3 0-0 17. b4 Qc7 18. Bb2 f6 19. Ng4 Bd7 20. Rac1 Qb6+ 21. Qe3 Qd6 22. Qg3 Qb6+ 23. Ne3 Nd6 24. h5 Kh8 25. Kg1 e5 26. Rc5 d4 27. Nd5 Qd8 28. Bxd4 Bf5 29. Bb2 Bxd3 30. Qxd3 b6 31. Rc7 e4 32. Qd2 Qe8 33. Nxf6 Qe6 34. Nxe4 Nxe4 35. Qd4 Kg8 36. Qxg7# 1-0

[Event "Swiss Queens Wed #31"]
[Site "FIDE Online Arena INT"]
[Date "2024.08.28"]
[Round "1"]
[White "Hilario Huaranca, Aleyla Karen"]
[Black "Fierro Baquero, Martha Lorena"]
[Result "1-0"]
[WhiteElo "1951"]
[BlackElo "2254"]
[PlyCount "65"]
[EventDate "2024.08.28"]
[EventType "swiss (blitz)"]
[EventRounds "11"]
[EventCountry "NET"]
[SourceTitle "CBM 221 Extra"]
[Source "ChessBase"]
[SourceDate "2024.09.30"]
[SourceVersion "1"]
[SourceVersionDate "2024.09.30"]
[SourceQuality "1"]

1. d4 g6 2. c4 Bg7 3. g3 Nf6 4. Bg2 0-0 5. Nf3 c6 6. 0-0 d6 7. Nc3 Qa5 8. Qc2 Qh5 9. e4 Bh3 10. Bf4 Ng4 11. Rfd1 e5 12. Be3 Bxg2 13. Kxg2 Nxe3+ 14. fxe3 Nd7 15. h3 f5 16. exf5 gxf5 17. e4 exd4 18. Nxd4 Ne5 19. Nxf5 Qf3+ 20. Kh2 Nxc4 21. Rf1 Qh5 22. Qd3 b5 23. Rf2 Ne5 24. Qd1 Qe8 25. Qxd6 Rd8 26. Qc5 Nd3 27. Qe3 Nxf2 28. Qg5 Rd7 29. Rf1 Nxe4 30. Nxe4 Qxe4 31. Nh6+ Kh8 32. Rxf8+ Bxf8 33. Qg8# 1-0

[Event "Swiss Queens Wed #31"]
[Site "FIDE Online Arena INT"]
[Date "2024.08.28"]
[Round "9"]
[White "Hilario Huaranca, Aleyla Karen"]
[Black "Mejia, Cherry Ann"]
[Result "0-1"]
[WhiteElo "1951"]
[BlackElo "1968"]
[PlyCount "78"]
[EventDate "2024.08.28"]
[EventType "swiss (blitz)"]
[EventRounds "11"]
[EventCountry "NET"]
[SourceTitle "CBM 221 Extra"]
[Source "ChessBase"]
[SourceDate "2024.09.30"]
[SourceVersion "1"]
[SourceVersionDate "2024.09.30"]
[SourceQuality "1"]

1. d4 d5 2. c4 dxc4 3. e3 e5 4. Bxc4 exd4 5. exd4 Nf6 6. Nf3 Bd6 7. 0-0 0-0 8. Ne5 Bxe5 9. dxe5 Ng4 10. Bf4 Nc6 11. Nc3 Ngxe5 12. Bd5 Qf6 13. Bg3 Bg4 14. f3 Bf5 15. Bxc6 Nxc6 16. Bxc7 Rac8 17. Nd5 Qxb2 18. Qa4 Rxc7 19. Nxc7 Qb6+ 20. Kh1 Qxc7 21. Rac1 h6 22. Qb5 Be6 23. Rfd1 Bxa2 24. f4 a6 25. Qb2 Be6 26. Rc5 Rd8 27. Rf1 Qxf4 28. Rcc1 Qb4 29. Qf2 Qd2 30. Qb6 Bc4 31. Rg1 Bd5 32. Rb1 Re8 33. Qxb7 Ne5 34. Qxa6 Nf3 35. Rgd1 Re1+ 36. Rxe1 Nxe1 37. Qc8+ Kh7 38. Qg4 Bxg2+ 39. Kg1 Qe3# 0-1

[Event "South America-ch (Women) 2nd"]
[Site "Coliseo Miguel Grau"]
[Date "2024.08.03"]
[Round "9"]
[White "Jimenez Salas, Maria Teresa"]
[Black "Hilario Huaranca, Aleyla Karen"]
[Result "0-1"]
[WhiteElo "2058"]
[BlackElo "1935"]
[PlyCount "96"]
[EventDate "2024.07.29"]
[EventType "swiss"]
[EventRounds "9"]
[EventCountry "PER"]
[SourceTitle "EXT 2025"]
[Source "ChessBase"]
[SourceDate "2024.10.14"]
[SourceVersion "1"]
[SourceVersionDate "2024.10.14"]
[SourceQuality "1"]

1. e4 e6 2. d4 d5 3. Nc3 Bb4 4. e5 c5 5. Qg4 Ne7 6. dxc5 Nbc6 7. Bd2 0-0 8. 0-0-0 Bxc5 9. Nf3 Ng6 10. Qg3 f5 11. exf6 Qxf6 12. Bg5 Bxf2 13. Qg4 Nge5 14. Qa4 Qf5 15. h4 Bd7 16. Qb3 Nxf3 17. gxf3 Nd4 18. Rxd4 Bxd4 19. Be2 Bc6 20. Nd1 e5 21. Ne3 Bxe3+ 22. Bxe3 Kh8 23. c3 d4 24. cxd4 exd4 25. Bxd4 Bxf3 26. Bxf3 Qxf3 27. Qxf3 Rxf3 28. Rg1 Rf7 29. Rg4 a6 30. Kc2 Rd8 31. Bc3 h6 32. Kb3 Kh7 33. Kc4 Rd6 34. Kc5 Rg6 35. Re4 Rc6+ 36. Kd4 g5 37. hxg5 hxg5 38. Ke3 Kg6 39. Re8 Kh5 40. Re5 Rg6 41. Ke4 Kh4 42. Be1+ Kh3 43. Ke3 g4 44. Ke2 g3 45. Rh5+ Kg2 46. Re5 Rf2+ 47. Bxf2 gxf2 48. Rf5 Re6+ 0-1

[Event "South America-ch (Women) 2nd"]
[Site "Coliseo Miguel Grau"]
[Date "2024.07.29"]
[Round "1"]
[White "Gomez Gonzales, Fabiana"]
[Black "Hilario Huaranca, Aleyla Karen"]
[Result "0-1"]
[WhiteElo "1675"]
[BlackElo "1935"]
[PlyCount "43"]
[EventDate "2024.07.29"]
[EventType "swiss"]
[EventRounds "9"]
[EventCountry "PER"]
[SourceTitle "EXT 2025"]
[Source "ChessBase"]
[SourceDate "2024.10.14"]
[SourceVersion "1"]
[SourceVersionDate "2024.10.14"]
[SourceQuality "1"]

1. e4 e6 2. d4 d5 3. exd5 exd5 4. Bd3 Bd6 5. h3 Ne7 6. Nf3 0-0 7. 0-0 Bf5 8. Bg5 f6 9. Be3 Nbc6 10. c3 Qd7 11. Bxf5 Nxf5 12. Qd3 Nce7 13. Nbd2 Ng6 14. Rad1 Rfe8 15. Rfe1 Bf4 16. Nf1 Nd6 17. Bxf4 Nxf4 18. Qd2 Ng6 19. Ng3 Ne4 20. Nxe4 dxe4 21. Nh2 Qf5 22. Qe2 0-1

[Event "PER-ch (Women)"]
[Site "Lima"]
[Date "2024.07.12"]
[Round "11"]
[White "Hilario Huaranca, Aleyla Karen"]
[Black "Garcia Andrada, Heidy Nicole"]
[Result "1/2-1/2"]
[WhiteElo "1935"]
[BlackElo "1974"]
[PlyCount "113"]
[EventDate "2024.07.06"]
[EventType "tourn"]
[EventRounds "11"]
[EventCountry "PER"]
[SourceTitle "EXT 2025"]
[Source "ChessBase"]
[SourceDate "2024.10.14"]
[SourceVersion "1"]
[SourceVersionDate "2024.10.14"]
[SourceQuality "1"]

1. Nf3 d5 2. b3 Nf6 3. Bb2 g6 4. e3 Bg7 5. Be2 a6 6. d4 c5 7. dxc5 Qa5+ 8. Nbd2 Qxc5 9. 0-0 0-0 10. c4 Nc6 11. Rc1 Rd8 12. Nd4 Nxd4 13. Bxd4 Qa5 14. cxd5 b5 15. e4 e6 16. Be5 Ne8 17. Bxg7 Nxg7 18. Bf3 Bb7 19. Nb1 Qxa2 20. Rc7 Rab8 21. Qd4 Ne8 22. Re7 exd5 23. exd5 Qxb3 24. Nd2 Qa4 25. Qa7 Nd6 26. Ne4 Nxe4 27. Bxe4 Qb4 28. d6 Bxe4 29. Rxf7 Rb7 30. Rxb7 Bxb7 31. Qxb7 Qxd6 32. h4 Rd7 33. Qa8+ Rd8 34. Qb7 Rd7 35. Qe4 Re7 36. Qa8+ Kg7 37. Rc1 Qd2 38. Rf1 a5 39. Qb8 Qd3 40. h5 gxh5 41. Qf4 h6 42. Rc1 Qe4 43. Qg3+ Qg4 44. Qd6 Qe6 45. Qg3+ Qg4 46. Qc3+ Kh7 47. Qxa5 Rg7 48. Qa8 h4 49. Qd5 Qg5 50. Qe4+ Qg6 51. Qf3 Qg4 52. Qd5 Qg5 53. Qe4+ Qg6 54. Qf3 Qg4 55. Qd5 Qg5 56. Qe4+ Qg6 57. Qf3 1/2-1/2

[Event "PER-ch (Women)"]
[Site "Lima"]
[Date "2024.07.10"]
[Round "8"]
[White "Hilario Huaranca, Aleyla Karen"]
[Black "Aliaga Fernandez, Ingrid Yadira"]
[Result "1-0"]
[WhiteElo "1935"]
[BlackElo "2147"]
[PlyCount "161"]
[EventDate "2024.07.06"]
[EventType "tourn"]
[EventRounds "11"]
[EventCountry "PER"]
[SourceTitle "EXT 2025"]
[Source "ChessBase"]
[SourceDate "2024.10.14"]
[SourceVersion "1"]
[SourceVersionDate "2024.10.14"]
[SourceQuality "1"]

1. d4 d5 2. c4 e6 3. Nf3 Nf6 4. e3 Be7 5. Be2 0-0 6. 0-0 Nbd7 7. b3 b6 8. Bb2 Bb7 9. Nc3 a6 10. Rc1 Bd6 11. Qc2 Qe7 12. Rfd1 Rac8 13. cxd5 exd5 14. Bd3 Ne4 15. Qe2 Ra8 16. Nd2 f5 17. Nf1 Rf6 18. Ng3 b5 19. a4 b4 20. Nb1 Raf8 21. Nd2 g5 22. Ndf1 Rh6 23. Rc2 Bc8 24. f3 Nxg3 25. Nxg3 Nb8 26. e4 fxe4 27. fxe4 Bf4 28. Nf1 dxe4 29. Bxe4 Be6 30. d5 Bf5 31. Bxf5 Qxe2 32. Bxh7+ Rxh7 33. Rxe2 Rd7 34. Rd4 a5 35. g3 Bd6 36. Rg4 Bc5+ 37. Kg2 Rxd5 38. Bc1 Rff5 39. h4 Nc6 40. Bxg5 Kf7 41. Be3 Rde5 42. Rf2 Rxf2+ 43. Kxf2 Rf5+ 44. Rf4 Rxf4+ 45. gxf4 Be7 46. h5 Ke6 47. Ke2 Kf5 48. Kd3 Nd8 49. Nd2 Bf8 50. Kc4 c6 51. Bc5 Bh6 52. Bd6 Nb7 53. Bc7 Bf8 54. Kd4 Bg7+ 55. Be5 Bf8 56. Nc4 Kg4 57. Ke3 Kxh5 58. Bc7 Kg4 59. Nxa5 Nc5 60. Be5 Bh6 61. Kd4 Ne6+ 62. Kc4 c5 63. Nb7 Bxf4 64. Bxf4 Kxf4 65. Nxc5 Nc7 66. Kxb4 Ke5 67. Ka5 Kd6 68. b4 Kc6 69. Nb3 Kb7 70. b5 Nd5 71. Nd2 Ka7 72. Nc4 Kb7 73. b6 Nxb6 74. Nxb6 Ka7 75. Kb5 Kb7 76. a5 Ka7 77. Nc4 Kb7 78. Nd6+ Ka7 79. a6 Kb8 80. Kb6 Ka8 81. Nb5 1-0

[Event "PER-ch (Women)"]
[Site "Lima"]
[Date "2024.07.07"]
[Round "3"]
[White "Arenas Lavado, Luciana Andrea"]
[Black "Hilario Huaranca, Aleyla Karen"]
[Result "0-1"]
[WhiteElo "1729"]
[BlackElo "1935"]
[PlyCount "54"]
[EventDate "2024.07.06"]
[EventType "tourn"]
[EventRounds "11"]
[EventCountry "PER"]
[SourceTitle "EXT 2025"]
[Source "ChessBase"]
[SourceDate "2024.10.14"]
[SourceVersion "1"]
[SourceVersionDate "2024.10.14"]
[SourceQuality "1"]

1. e4 e6 2. d4 d5 3. Nd2 Be7 4. Ngf3 Nf6 5. Bd3 c5 6. e5 Nfd7 7. c3 Nc6 8. 0-0 0-0 9. Re1 f6 10. exf6 Bxf6 11. dxc5 Nxc5 12. Bc2 e5 13. Nb3 Na4 14. h3 Nb6 15. Be3 Nc4 16. Rb1 Nxe3 17. Rxe3 e4 18. Nfd4 Ne5 19. Nd2 Bh4 20. Re2 Qg5 21. c4 Bxh3 22. f4 Qxf4 23. gxh3 Bf2+ 24. Kh1 Bxd4 25. Nxe4 Qf3+ 26. Rg2 dxe4 27. Qxd4 Qxh3+ 0-1

[Event "PER-ch (Women)"]
[Site "Lima"]
[Date "2024.07.06"]
[Round "2"]
[White "Hilario Huaranca, Aleyla Karen"]
[Black "Vasquez Tanchiva, Katerine Paola"]
[Result "1-0"]
[WhiteElo "1935"]
[BlackElo "1658"]
[PlyCount "73"]
[EventDate "2024.07.06"]
[EventType "tourn"]
[EventRounds "11"]
[EventCountry "PER"]
[SourceTitle "EXT 2025"]
[Source "ChessBase"]
[SourceDate "2024.10.14"]
[SourceVersion "1"]
[SourceVersionDate "2024.10.14"]
[SourceQuality "1"]

1. d4 d5 2. c4 e6 3. Nf3 Nf6 4. g3 Bb4+ 5. Bd2 Be7 6. Bg2 0-0 7. 0-0 c6 8. Bc3 Ne4 9. Qc2 Nd7 10. Nbd2 f5 11. Nxe4 fxe4 12. Ne1 Nf6 13. f3 exf3 14. exf3 Bd7 15. Qe2 dxc4 16. Qxc4 Nd5 17. Qe2 Bf6 18. Nd3 b6 19. Rac1 Re8 20. f4 Rc8 21. Ne5 Qe7 22. Be4 Bxe5 23. dxe5 Qc5+ 24. Kh1 Qe3 25. Qg2 Rf8 26. Rfe1 Qc5 27. a3 a5 28. Bb4 Qb5 29. Bxf8 Rxf8 30. Qc2 h6 31. Bd3 Qc5 32. Qa4 Qe7 33. Qe4 g5 34. fxg5 hxg5 35. Rf1 Re8 36. Rc2 Qg7 37. Rcf2 1-0

[Event "Swiss Queens Wed #20"]
[Site "FIDE Online Arena INT"]
[Date "2024.06.12"]
[Round "1"]
[White "Goltseva, Ekaterina"]
[Black "Hilario Huaranca, Aleyla Karen"]
[Result "0-1"]
[WhiteElo "2325"]
[BlackElo "1935"]
[PlyCount "96"]
[EventDate "2024.06.12"]
[EventType "swiss (blitz)"]
[EventRounds "11"]
[EventCountry "NET"]
[SourceTitle "CBM 220 Extra"]
[Source "ChessBase"]
[SourceDate "2024.07.31"]
[SourceVersion "1"]
[SourceVersionDate "2024.07.31"]
[SourceQuality "1"]

1. d4 d5 2. c4 e6 3. Nf3 Nf6 4. Nc3 Be7 5. cxd5 exd5 6. Bf4 0-0 7. e3 c6 8. h3 Bf5 9. g4 Bg6 10. Ne5 Ne4 11. Nxg6 fxg6 12. Nxe4 dxe4 13. Qb3+ Kh8 14. Bg2 Na6 15. Bxe4 Qa5+ 16. Kf1 g5 17. Bg3 Rae8 18. Kg2 Nb4 19. a3 Nd5 20. Bxd5 cxd5 21. Qxb7 Bd8 22. Qb4 Qa6 23. Qd6 Qe2 24. Qxd5 Rxe3 25. Rhf1 Qxb2 26. Rab1 Qd2 27. Rbd1 Rxg3+ 28. Kxg3 Bc7+ 29. Kg2 Qf4 30. Qf5 Qh2+ 31. Kf3 Rxf5+ 32. gxf5 Qxh3+ 33. Ke4 Qg4+ 34. Kd5 Qxf5+ 35. Kc4 Qc2+ 36. Kd5 Qb3+ 37. Ke4 Qxa3 38. Rc1 Qe7+ 39. Kd3 h5 40. Rfe1 Qd7 41. Rc5 Bf4 42. d5 h4 43. Rh1 h3 44. Kd4 h2 45. Rc3 Qf5 46. Rd3 Kh7 47. d6 Bxd6 48. Ke3 Bf4+ 0-1

[Event "Swiss Queens Wed #20"]
[Site "FIDE Online Arena INT"]
[Date "2024.06.12"]
[Round "4"]
[White "Hilario Huaranca, Aleyla Karen"]
[Black "Chitlange, Sakshi"]
[Result "0-1"]
[WhiteElo "1935"]
[BlackElo "2173"]
[PlyCount "62"]
[EventDate "2024.06.12"]
[EventType "swiss (blitz)"]
[EventRounds "11"]
[EventCountry "NET"]
[SourceTitle "CBM 220 Extra"]
[Source "ChessBase"]
[SourceDate "2024.07.31"]
[SourceVersion "1"]
[SourceVersionDate "2024.07.31"]
[SourceQuality "1"]

1. d4 d5 2. c4 e6 3. Nf3 Nf6 4. g3 Bb4+ 5. Bd2 Be7 6. Bg2 0-0 7. 0-0 c6 8. Qc2 b6 9. Bc3 Bb7 10. Nbd2 c5 11. Rfd1 Nbd7 12. b3 Rc8 13. a4 Qc7 14. Rac1 cxd4 15. Nxd4 dxc4 16. Nxc4 Bxg2 17. Kxg2 Qb7+ 18. Kg1 Ne4 19. Bb2 Ne5 20. Nf3 Nxf3+ 21. exf3 Ng5 22. f4 Nf3+ 23. Kf1 Nxh2+ 24. Ke1 Qh1+ 25. Ke2 Qf3+ 26. Ke1 Ng4 27. Bc3 Bc5 28. Rd2 Rfd8 29. Rcd1 Bxf2+ 30. Rxf2 Rxd1+ 31. Qxd1 Qxf2# 0-1

[Event "Swiss Queens Wed #20"]
[Site "FIDE Online Arena INT"]
[Date "2024.06.12"]
[Round "7"]
[White "Yushko, Olga"]
[Black "Hilario Huaranca, Aleyla Karen"]
[Result "1-0"]
[WhiteElo "2034"]
[BlackElo "1935"]
[PlyCount "109"]
[EventDate "2024.06.12"]
[EventType "swiss (blitz)"]
[EventRounds "11"]
[EventCountry "NET"]
[SourceTitle "CBM 220 Extra"]
[Source "ChessBase"]
[SourceDate "2024.07.31"]
[SourceVersion "1"]
[SourceVersionDate "2024.07.31"]
[SourceQuality "1"]

1. d4 d5 2. c4 c6 3. cxd5 cxd5 4. Nc3 Nf6 5. Nf3 Nc6 6. Bf4 Bg4 7. Ne5 Bd7 8. Nxd7 Qxd7 9. e3 e6 10. Bd3 Bb4 11. 0-0 0-0 12. Rc1 a6 13. Bg5 Ne8 14. Qh5 h6 15. Bf4 f5 16. Na4 Rd8 17. a3 Bd6 18. Nc5 Bxc5 19. Rxc5 Nf6 20. Qg6 Ne4 21. Bxe4 fxe4 22. b4 Rf6 23. Qg3 Rdf8 24. b5 axb5 25. Rxb5 g5 26. Be5 Rg6 27. Rfb1 h5 28. Rxb7 Qe8 29. Bd6 h4 30. Qg4 Na5 31. Rb8 Qxb8 32. Rxb8 Rxb8 33. Bxb8 Nc4 34. f4 Kf7 35. f5 Rg8 36. fxe6+ Ke7 37. Ba7 Nxe3 38. Qh5 Kxe6 39. Qh6+ Kf7 40. Qd6 Rg7 41. Bc5 Nf5 42. Qf8+ Kg6 43. a4 e3 44. Kf1 Rb7 45. Qe8+ Kf6 46. Qe5+ Kg6 47. Qe6+ Kg7 48. Qxf5 Rf7 49. Qxf7+ Kxf7 50. a5 Ke6 51. a6 Kd7 52. a7 Ke6 53. a8Q Kf5 54. Qxd5+ Kg4 55. Qe4+ 1-0

[Event "Swiss Queens Wed #19"]
[Site "FIDE Online Arena INT"]
[Date "2024.06.05"]
[Round "2"]
[White "Hilario Huaranca, Aleyla Karen"]
[Black "Lesbekova, Asel"]
[Result "0-1"]
[WhiteElo "1935"]
[BlackElo "1903"]
[PlyCount "130"]
[EventDate "2024.06.05"]
[EventType "swiss (blitz)"]
[EventRounds "11"]
[EventCountry "NET"]
[SourceTitle "CBM 220 Extra"]
[Source "ChessBase"]
[SourceDate "2024.07.31"]
[SourceVersion "1"]
[SourceVersionDate "2024.07.31"]
[SourceQuality "1"]

1. d4 Nf6 2. c4 e6 3. Nf3 Bb4+ 4. Bd2 Qe7 5. g3 b6 6. Bg2 Bb7 7. 0-0 Bxd2 8. a3 Bh6 9. Nc3 0-0 10. d5 exd5 11. cxd5 d6 12. Nd4 g6 13. e3 Na6 14. Rc1 Nc5 15. b4 Nce4 16. Ndb5 Ba6 17. Re1 Nxc3 18. Nxc3 Rac8 19. Qa4 Bd3 20. Red1 Bf5 21. Qxa7 Ra8 22. Qb7 Bg4 23. Re1 Rfb8 24. Qc6 Rxa3 25. Nb5 Ra2 26. Nxc7 Bd7 27. Qc4 Ra7 28. Qd4 Ba4 29. b5 Bg7 30. Na6 Rxa6 31. bxa6 b5 32. Rc6 b4 33. a7 Ra8 34. Ra6 Bb5 35. Ra5 Be8 36. Qxb4 Nd7 37. Qb7 Qd8 38. Rea1 Nc5 39. Qb4 Bxa1 40. Rxa1 Qc7 41. Qh4 Rxa7 42. Rxa7 Qxa7 43. Qd8 Qd7 44. Qa8 h5 45. Bf1 Kh7 46. f3 Qe7 47. Kg2 Bd7 48. e4 h4 49. f4 hxg3 50. hxg3 Qxe4+ 51. Kh2 Qc2+ 52. Bg2 Bg4 53. Qf8 Qf5 54. Qe7 Qh5+ 55. Kg1 Qf5 56. Be4 Nxe4 57. Qd8 Qh5 58. Qf8 Qf5 59. Qe7 Nxg3 60. Kh2 Qb1 61. Kxg3 Qf5 62. Kh4 Bh5 63. Kg3 Qg4+ 64. Kh2 Qe2+ 65. Kg1 Qxe7 0-1

[Event "Swiss Queens Wed #19"]
[Site "FIDE Online Arena INT"]
[Date "2024.06.05"]
[Round "1"]
[White "Osmak, Iulija"]
[Black "Hilario Huaranca, Aleyla Karen"]
[Result "1-0"]
[WhiteElo "2463"]
[BlackElo "1935"]
[PlyCount "105"]
[EventDate "2024.06.05"]
[EventType "swiss (blitz)"]
[EventRounds "11"]
[EventCountry "NET"]
[SourceTitle "CBM 220 Extra"]
[Source "ChessBase"]
[SourceDate "2024.07.31"]
[SourceVersion "1"]
[SourceVersionDate "2024.07.31"]
[SourceQuality "1"]

1. b4 e5 2. Bb2 f6 3. b5 d5 4. e3 Bd6 5. Nf3 Ne7 6. d4 e4 7. Nfd2 Be6 8. c4 c6 9. a4 Nd7 10. Nc3 Bb4 11. Qb3 Qa5 12. Be2 0-0 13. 0-0 f5 14. g3 Nf6 15. Rfc1 Kh8 16. Ba3 Bxa3 17. Qxa3 Qc7 18. cxd5 Nexd5 19. Nc4 Nxc3 20. Rxc3 Nd5 21. Rc2 cxb5 22. axb5 Qd8 23. Ne5 Qg5 24. Rac1 f4 25. h4 Qd8 26. exf4 Nb6 27. Qe3 Qd5 28. Rc5 Qd6 29. Qxe4 Bf5 30. Qe3 Rad8 31. Nc4 Nxc4 32. R5xc4 Rfe8 33. Qd2 Be6 34. Ra4 Bd5 35. Bf1 Qe6 36. Qd3 Be4 37. Qe3 Qg4 38. Re1 Bc6 39. bxc6 Rxe3 40. Rxe3 bxc6 41. Rxa7 h6 42. Rc7 Rxd4 43. Rxc6 Rd1 44. Kg2 Qf5 45. Rce6 Qd5+ 46. R6e4 Rd4 47. f3 Rd2+ 48. Be2 Qa2 49. Kf2 Qb1 50. h5 Ra2 51. Re8+ Kh7 52. Rd8 Qc1 53. Ree8 1-0